ბათუმის შოთა რუსთაველის სახელმწიფო უნივერსიტეტის ბიბლიოთეკა

თეორიული მექანიკის ამოცანათა კრებული / (ბიბ.ჩანაწერი № 38408)

000 -ლიდერი
ფიქსირებული სიგრძის საკონტროლო ველი 00979nam a2200229Ia 4500
001 - საკონტროლო ნომერი
საკონტროლო ველი 4419
003 - საკონტროლო ნომრის იდენტიფიკატორი
საკონტროლო ველი GE_BSU
005 - ბოლო ოპერაციის თარიღი და დრო
საკონტროლო ველი 20190516154546.0
008 - ფიქსირებული სიგრძის მონაცემთა ელემენტები - ზოგადი ინფორმაცია
ფიქსირებული სიგრძის საკონტროლო ველი 181216s1983||||ge |||||||||||||| ||geo||
040 ## - კატალოგიზაციის წყარო
Transcribing agency GE_BSU
041 ## - ენის კოდი
Language code of text/sound track or separate title geo
080 ## - უნივერსალური ათობითი კლასიფიკაციის ინდექსი
Universal Decimal Classification number 531.1(075.8) მ–69
100 ## - მთავარი ჩანაწერი - პიროვნების სახელი
Personal name მეშჩერსკი,ი.
9 (RLIN) 1240
245 ## - ცნობა სათაურის შესახებ
Title თეორიული მექანიკის ამოცანათა კრებული /
Statement of responsibility, etc ი.მეშჩერსკი ; რედ : ე.გრძელიძე.
250 ## - გამოცემის ცნობა
Edition statement მე-2 გამოცემა,თარგმ.ოცდამეცამეტე რუს. გამ-დან.
264 ## - წარმოების, გამოცემის, დისტრიბუციის და სხვა ცნობები
გამოცემის, წარმოების, დისტრიბუციის... ადგილი თბილისი :
გამოცემის, წარმოების, დისტრიბუციის... სახელწოდება განათლება,
გამოცემის, წარმოების, დისტრიბუციის... თარიღი 1983.
300 ## - ფიზიკური აღწერა
Extent 283 გვ . ;
Other physical details ილ.
Dimensions 21 სმ.
653 ## - INDEX TERM--UNCONTROLLED
Uncontrolled term თეორიული მექანიკა.
653 ## - INDEX TERM--UNCONTROLLED
Uncontrolled term ფიზიკა
700 ## - ADDED ENTRY--PERSONAL NAME
Personal name გრძელიძე,ე
Relator term რედაქტორი
9 (RLIN) 1241
942 ## - ADDED ENTRY ELEMENTS (KOHA)
Koha item type წიგნი
Source of classification or shelving scheme
ეგზემპლარები
ჩამოწერის სტატუსი დაკარგული ეგზემპლარის სტატუსი კლასიფიკაციის წყარო ან თაროზე გაწყობის სქემა დაზიანების სტატუსი არ გაიცემა მუდმივი მდებარეობა (დაცვის ადგილი) ამჟამინდელი ადგილსამყოფელი თაროზე განთავსების ადგილი შეძენის თარიღი ღირებულება, შესყიდვის ნორმალური ფასი სრული შენახვის შიფრი შტრიხკოდი ბოლო ოპერაციის თარიღი ეგზემპლარის მიმდევრობითი ნომერი (კეტერი?) ფასის ძალაში შესვლის თარიღი ეგზემპლარის სახეობა საჯარო შენიშვნა
          ტექნოლოგიური ფაკულტეტის ბიბლიოთეკა ტექნოლოგიური ფაკულტეტის ბიბლიოთეკა წიგნსაცავი 2018-12-17 2.00 531.1(075.8) მ–69 8635 2018-12-17 8635 2018-12-17 წიგნი 2 ლ.10 თ.
          ტექნოლოგიური ფაკულტეტის ბიბლიოთეკა ტექნოლოგიური ფაკულტეტის ბიბლიოთეკა წიგნსაცავი 2018-12-17 2.00 531.1(075.8) მ–69 8634 2018-12-17 8634 2018-12-17 წიგნი 2 ლ.10 თ.
          ტექნოლოგიური ფაკულტეტის ბიბლიოთეკა ტექნოლოგიური ფაკულტეტის ბიბლიოთეკა წიგნსაცავი 2018-12-17 2.00 531.1(075.8) მ–69 8633 2018-12-17 8633 2018-12-17 წიგნი 2 ლ. 10 თ.
          ტექნოლოგიური ფაკულტეტის ბიბლიოთეკა ტექნოლოგიური ფაკულტეტის ბიბლიოთეკა წიგნსაცავი 2018-12-17 2.00 531.1(075.8) მ–69 8632 2018-12-17 8632 2018-12-17 წიგნი 2 ლ. 10 თ.
          ტექნოლოგიური ფაკულტეტის ბიბლიოთეკა ტექნოლოგიური ფაკულტეტის ბიბლიოთეკა წიგნსაცავი 2018-12-17 2.00 531.1(075.8) მ–69 8631 2018-12-17 8631 2018-12-17 წიგნი 2 ლ. 10 თ.
          ტექნოლოგიური ფაკულტეტის ბიბლიოთეკა ტექნოლოგიური ფაკულტეტის ბიბლიოთეკა წიგნსაცავი 2018-12-17 2.00 531.1(075.8) მ–69 8630 2018-12-17 8630 2018-12-17 წიგნი 2 ლ. 10 თ.
          ტექნოლოგიური ფაკულტეტის ბიბლიოთეკა ტექნოლოგიური ფაკულტეტის ბიბლიოთეკა წიგნსაცავი 2018-12-17 2.00 531.1(075.8) მ–69 8629 2018-12-17 8629 2018-12-17 წიგნი 2 ლ. 10 თ.
          ტექნოლოგიური ფაკულტეტის ბიბლიოთეკა ტექნოლოგიური ფაკულტეტის ბიბლიოთეკა წიგნსაცავი 2018-12-17 2.00 531.1(075.8) მ–69 8628 2018-12-17 8628 2018-12-17 წიგნი 2 ლ. 10 თ.
          ტექნოლოგიური ფაკულტეტის ბიბლიოთეკა ტექნოლოგიური ფაკულტეტის ბიბლიოთეკა წიგნსაცავი 2018-12-17 2.00 531.1(075.8) მ–69 8627 2018-12-17 8627 2018-12-17 წიგნი 2 ლ. 10 თ.
          ტექნოლოგიური ფაკულტეტის ბიბლიოთეკა ტექნოლოგიური ფაკულტეტის ბიბლიოთეკა წიგნსაცავი 2018-12-17 2.00 531.1(075.8) მ–69 8626 2018-12-17 8626 2018-12-17 წიგნი 2 ლ.10 თ.